| 000 | 00571nam a22001932 4500 | ||
|---|---|---|---|
| 001 | 0000005627 | ||
| 005 | 20151217160109.0 | ||
| 008 | 070620s xx 000 0 eng d | ||
| 040 |
_aKABU _cKABU |
||
| 050 | 0 |
_aPZ8.3 _b.D66W43 |
|
| 100 | 1 |
_aDomanska, Janina. _@0000012250 |
|
| 245 | 1 | 0 |
_aWhat do you see? / _cpictures by Janina Domanska. |
| 260 |
_aNew York : _bMacmillan, _c[1974] |
||
| 300 | _a32 p. | ||
| 908 | _a070620 | ||
| 950 | _@1 | ||
| 999 |
_c14195 _d14195 |
||